Estimating and measuring / (Record no. 1841)

MARC details
000 -LEADER
fixed length control field 01626cam a22003614a 4500
001 - CONTROL NUMBER
control field 1841
003 - CONTROL NUMBER IDENTIFIER
control field FISKH
005 - DATE AND TIME OF LATEST TRANSACTION
control field 20231004141052.0
008 - FIXED-LENGTH DATA ELEMENTS--GENERAL INFORMATION
fixed length control field 080327s2008 nyua j 000 0 eng
010 ## - LIBRARY OF CONGRESS CONTROL NUMBER
LC control number 2008014256
020 ## - INTERNATIONAL STANDARD BOOK NUMBER
International Standard Book Number 9780764138676
020 ## - INTERNATIONAL STANDARD BOOK NUMBER
International Standard Book Number 0764138677
040 ## - CATALOGING SOURCE
Original cataloging agency DLC
Transcribing agency DLC
Modifying agency DLC
Language of cataloging eng
050 00 - LIBRARY OF CONGRESS CALL NUMBER
Classification number QA276.8
Item number .S259 2008
082 00 - DEWEY DECIMAL CLASSIFICATION NUMBER
Classification number 519.5/44
Edition number 22
100 1# - MAIN ENTRY--PERSONAL NAME
Personal name Schultz-Ferrell, Karren.
245 10 - TITLE STATEMENT
Title Estimating and measuring /
Statement of responsibility, etc. Karen Ferrell, Cathy Weiskopf, Linda Powley.
260 ## - PUBLICATION, DISTRIBUTION, ETC.
Place of publication, distribution, etc. New York :
Name of publisher, distributor, etc. Barron's ;
Date of publication, distribution, etc. 2008.
300 ## - PHYSICAL DESCRIPTION
Extent 219 pages :
Other physical details illustrations ;
Dimensions 19 cm.
490 0# - SERIES STATEMENT
Series statement Adventures in mathopolis
520 ## - SUMMARY, ETC.
Summary, etc. Lostis Marbles, the mayor of Mathopolis, gets math help from Elexus Estimator -- quick at estimating volume, height, weight, and other quantities -- and Maverick Measurer, who values mathematical accuracy.
521 8# - TARGET AUDIENCE NOTE
Target audience note 1000
Source Lexile
650 #0 - SUBJECT ADDED ENTRY--TOPICAL TERM
Topical term or geographic name entry element Estimation theory
Form subdivision Juvenile literature.
700 1# - ADDED ENTRY--PERSONAL NAME
Personal name Weiskopf, Cathy.
Relator term Author
700 1# - ADDED ENTRY--PERSONAL NAME
Personal name Powley, Linda.
Relator term Author
700 1# - ADDED ENTRY--PERSONAL NAME
Personal name Kerr, Tom
Relator term Illustrator
856 41 - ELECTRONIC LOCATION AND ACCESS
Materials specified Table of contents only
Uniform Resource Identifier <a href="http://www.loc.gov/catdir/toc/ecip0815/2008014256.html">http://www.loc.gov/catdir/toc/ecip0815/2008014256.html</a>
856 42 - ELECTRONIC LOCATION AND ACCESS
Materials specified Contributor biographical information
Uniform Resource Identifier <a href="http://www.loc.gov/catdir/enhancements/fy0904/2008014256-b.html">http://www.loc.gov/catdir/enhancements/fy0904/2008014256-b.html</a>
856 42 - ELECTRONIC LOCATION AND ACCESS
Materials specified Publisher description
Uniform Resource Identifier <a href="http://www.loc.gov/catdir/enhancements/fy0904/2008014256-d.html">http://www.loc.gov/catdir/enhancements/fy0904/2008014256-d.html</a>
906 ## - LOCAL DATA ELEMENT F, LDF (RLIN)
a 7
b cbc
c orignew
d 1
e ecip
f 20
g y-gencatlg
942 ## - ADDED ENTRY ELEMENTS (KOHA)
Source of classification or shelving scheme Dewey Decimal Classification
Koha item type Books
Suppress in OPAC No
Holdings
Withdrawn status Lost status Source of classification or shelving scheme Damaged status Not for loan Collection Home library Current library Shelving location Date acquired Total Checkouts Full call number Barcode Date last seen Copy number Price effective from Koha item type
    Dewey Decimal Classification     Non-Fiction Footprints International School Library Network Toul Kork Campus Footprints International School Library Network Toul Kork Campus   10/04/2023   FER 519.5 QA276.8 FISTK00048 10/04/2023 1 10/04/2023 Books
    Dewey Decimal Classification     Non-Fiction Footprints International School Library Network Toul Kork Campus Footprints International School Library Network Toul Kork Campus TTP Secondary Non-Fiction Bookshelves 10/04/2023   FER 519.5 QA276.8 FIS02582 11/21/2024 2 10/04/2023 Books